00595nam a2200169 450000500170000001000180001702000260003503500170006103700130007808200180009124501220010926000490023127000850028030000200036570000130038570000270039820230911104249.0 aENG-137741-50 a9789395548649c200.00 aEN-121273-82 bDBAD/PUB a0002May 2023 aNext IAS Current Affairs:bNuclear Energy Boon And Bane/cChief Edited By B.Singh And Edited By Aniruddh Pratap Singh aNew DelhibMade Easy Publications cMay 2023 a44-A/4, Kalu SaraibNew Delhie110016mInfomep@madeeasy.ink45124660, 8860378007 a108pc27cm(pbk) aSingh,B. aSingh,Aniruddh Pratap